|
|
|
|
| LEADER |
00000nam a2200000 a 4500 |
| 001 |
UCS0305 |
| 003 |
CL-VaPUC |
| 008 |
970418e19570000AG |||||||||||||||||spa|d |
| 082 |
0 |
4 |
|a 345.04
|b FON
|2 21
|
| 100 |
0 |
|
|a Fontán Balestra, Carlos
|e author
|9 383596
|
| 245 |
1 |
3 |
|a El elemento subjetivo del delito
|
| 300 |
|
|
|a 199 p
|
| 942 |
|
|
|c BK
|
| 945 |
|
|
|d 19970418 00:00:00
|a paguirre
|
| 260 |
|
|
|a Buenos Aires
|b Depalma
|c 1957
|
| 650 |
|
7 |
|a DERECHO PENAL
|2 CL-VaPUC
|9 11
|
| 650 |
|
0 |
|a Responsabilidad penal
|9 254899
|
| 650 |
|
7 |
|a CULPABILIDAD
|2 CL-VaPUC
|9 351694
|
| 650 |
|
7 |
|a DOLO
|2 CL-VaPUC
|9 383597
|
| 650 |
|
7 |
|a IMPUTABILIDAD
|2 CL-VaPUC
|9 383598
|
| 583 |
|
|
|a last modification
|c 19970418 00:00:00
|k Rodrigo Vera
|
| 999 |
|
|
|c 258539
|d 258537
|
| 952 |
|
|
|0 0
|1 0
|4 0
|6 345_040000000000000_FON_1957
|7 0
|8 A
|9 282711
|a BIBDER
|b BIBDER
|d 2019-11-19
|i 1833480
|o 345.04 FON 1957
|p 1833480
|r 2023-01-25
|w 2019-11-19
|y BK
|k DER
|